TV Game Show by Picture Quiz Stats

 Plays Quiz Updated Oct 25, 2018

Score 0/10 Timer 02:00
1 Play Today
Question Answer Wrong Answers
Wheel of Fortune Wheel of Fortune
97.3%
Jeopardy
0.3%
Family Feud
0.3%
The Price is Right
2%
Who Wants to Be a Millionaire? Who Wants to be a Millionaire
96.7%
Family Feud
0.6%
Wheel of Fortune
0.3%
Jeopardy
0.4%
Hollywood Squares Hollywood Squares
96.4%
Deal or No Deal
1.3%
Let's Make a Deal
0.3%
Are You Smarter than a 5th Grader
0.7%
Family Feud Family Feud
95.9%
Hollywood Squares
1.4%
Deal or No Deal
0.8%
The Price is Right
1.3%
Beat Shazam Beat Shazam
95.6%
Who Wants to be a Millionaire
1.5%
Wheel of Fortune
0.2%
Jeopardy
0.7%
Jeopardy! Jeopardy
94.1%
Hollywood Squares
1.9%
Family Feud
3%
The Price is Right
0.8%
Are You Smarter than a 5th Grader? Are You Smarter than a 5th Grader?
91.8%
Beat Shazam
3.3%
Who Wants to be a Millionaire
3.1%
Wheel of Fortune
0.1%
The Price Is Right The Price is Right
88.6%
Hollywood Squares
0.4%
Deal or No Deal
1.1%
Let's Make a Deal
8.9%
Let's Make a Deal Let's Make a Deal
85.8%
Beat Shazam
5.9%
Who Wants to be a Millionaire
2%
Are You Smarter than a 5th Grader?
4.7%
Deal or No Deal Deal or No Deal
84.1%
Beat Shazam
4.1%
Let's Make a Deal
9.1%
Are You Smarter than a 5th Grader?
1.4%

You're not logged in!

Compare scores with friends on all Sporcle quizzes.
OR
Log In

Sporcle TV

Today on Sporcle TV


Watch our educational content, quiz creation guides, and fun videos on Sporcle TV.

Show Comments

Extras

Top Quizzes Today


Score Distribution

Your Account Isn't Verified!

In order to create a playlist on Sporcle, you need to verify the email address you used during registration. Go to your Sporcle Settings to finish the process.

Report this User

Report this user for behavior that violates our Community Guidelines.

Details: